Ventajas competitivas de la flexibilidad numérica en micro, pequeñas y medianas empresas del Distrito Federal /
שמור ב:
| מחבר ראשי: | |
|---|---|
| פורמט: | ספר |
| שפה: | Spanish |
| תגים: |
הוספת תג
אין תגיות, היה/י הראשונ/ה לתייג את הרשומה!
|
MARC
| LEADER | 00000nam a22000007a 4500 | ||
|---|---|---|---|
| 003 | cru CIDCACS/IIS | ||
| 005 | 20170419153623.0 | ||
| 007 | ta | ||
| 008 | 170419e2015 mx ||||| |||| 00| 0 spa d | ||
| 040 | |c cru CIDCACS/IIS | ||
| 100 | 1 | |9 4190 |a Ballina, Francisco | |
| 245 | 1 | |a Ventajas competitivas de la flexibilidad numérica en micro, pequeñas y medianas empresas del Distrito Federal / |c Francisco Ballina | |
| 300 | |a páginas 165-188 : |b tablas | ||
| 773 | 0 | |0 19182 |9 635 |a UNAM. |d México, D.F.: UNAM |o R19250 |t Problemas del desarrollo: |x 03017036 | |
| 942 | |2 ddc |c PP | ||
| 999 | |c 19188 |d 19188 | ||
